00890nam a22001817a 4500003000900000008004100009040007100050082002300121100003200144245012100176260003300297300004600330505027000376650002300646650001000669650001000679650001900689AR-CdUCM190223b ||||| |||| 00| 0 spa d aMUNICIPALIDAD PROVINCIAL DEL CUSCOcBIBLIOTECA MUNICIPAL DEL CUSCO a985.019/V21LbV21L aValenzuela Lovón, Armando aLito biblioteca de los inkas :benfoque de la Arqueología científica de los inkas /cArmando Valenzuela Lovón. aCusco :bJL Editores,c2021. a115 páginas. :bilustraciones ;c21 cm. aContenido: El hombre andino en la Ciencia Quechua. -- Cuerpo humano y Quechua. -- Clave gramatical Quechua. -- Aspectos filosóficos y escritura Inka. -- Lito biblioteca andina en gráficos. -- Ollantaytambo Filosófico. -- Arque Astronomía en Machupicchu. ... aHistoria del Cusco aInkas aIncas aCultura andina